[Event "FIDE World Rapid Team"]
[Site "Almaty KAZ"]
[Date "2024.08.03"]
[Round "8.9"]
[White "Sarana, Alexey"]
[Black "Sadhwani, Raunak"]
[Result "1/2-1/2"]
[WhiteTitle "GM"]
[BlackTitle "GM"]
[WhiteElo "2717"]
[BlackElo "2653"]
[WhiteTeam "Chessy"]
[BlackTeam "Team MGD1"]
[WhiteFideId "24133795"]
[BlackFideId "35093487"]
[EventDate "2024.08.02"]

1. d4 Nf6 2. c4 e6 3. Nc3 d5 4. Bg5 Be7 5. e3 O-O 6. Qc2 h6 7. Bh4 Ne4 8. Bxe7
Qxe7 9. cxd5 Nxc3 10. bxc3 exd5 11. Nf3 c5 12. dxc5 Qxc5 13. Bd3 Nc6 14. h3 Bd7
15. O-O Rac8 16. Rfc1 Rc7 17. Qb2 Rfc8 18. Rc2 Qe7 19. Rd2 Ne5 20. Be2 Nxf3+ 21.
Bxf3 Be6 22. Rc1 Rc5 23. Rd3 b6 24. Qd2 Qg5 25. Kh1 Qe5 26. Rd4 R8c7 27. Kg1 Rc8
28. h4 h5 29. g3 g6 30. Kg2 Kg7 31. Qb2 Qf6 32. Qd2 Qe5 33. Kg1 R8c7 34. Bg2 Qf6
35. Bf1 Qe5 36. Bd3 R7c6 37. Kg2 Rc7 38. Qb2 R7c6 39. Be2 Rc7 40. Bf3 Qf6 41.
Qd2 Qe5 42. Kg1 Rc8 43. Kg2 R8c7 44. Kg1 1/2-1/2

[Event "FIDE World Rapid Team"]
[Site "Almaty KAZ"]
[Date "2024.08.03"]
[Round "8.10"]
[White "Adhiban, Baskaran"]
[Black "Koneru, Humpy"]
[Result "1/2-1/2"]
[WhiteTitle "GM"]
[BlackTitle "GM"]
[WhiteElo "2532"]
[BlackElo "2530"]
[WhiteTeam "Team MGD1"]
[BlackTeam "Chessy"]
[WhiteFideId "5018471"]
[BlackFideId "5008123"]
[EventDate "2024.08.02"]

1. e4 e5 2. Nf3 Nc6 3. Bc4 Nf6 4. d3 Be7 5. O-O O-O 6. Nc3 d6 7. a3 Bg4 8. h3
Bh5 9. Be3 Qd7 10. Nd5 Nxd5 11. Bxd5 Bg6 12. Nd2 Kh8 13. f4 exf4 14. Bxf4 f5 15.
c3 fxe4 16. Nxe4 Rf5 17. Qb3 Na5 18. Qa2 Qb5 19. Be6 Rff8 20. Rad1 Bxe4 21. dxe4
Bg5 22. Bxg5 Qxg5 23. Qd5 Qe3+ 24. Kh2 Nc6 25. Qh5 Ne5 26. Rxf8+ Rxf8 27. Rf1
Ra8 28. Qf5 h6 29. Bc8 Ng6 30. Bxb7 Rf8 31. Qb5 Rxf1 32. Qxf1 Nf4 33. b4 g5 34.
Qb5 Ne2 35. Qe8+ Kg7 36. Qd7+ Kg6 37. Qf5+ Kg7 38. Qd7+ Kg6 39. Qf5+ Kg7 40.
Qd7+ Kg6 41. Qf5+ Kg7 1/2-1/2

[Event "FIDE World Rapid Team"]
[Site "Almaty KAZ"]
[Date "2024.08.03"]
[Round "8.11"]
[White "Erdogmus, Yagiz Kaan"]
[Black "Dronavalli, Harika"]
[Result "1-0"]
[WhiteTitle "IM"]
[BlackTitle "GM"]
[WhiteElo "2599"]
[BlackElo "2502"]
[WhiteTeam "Chessy"]
[BlackTeam "Team MGD1"]
[WhiteFideId "44599790"]
[BlackFideId "5015197"]
[EventDate "2024.08.02"]

1. d4 d5 2. c4 e6 3. Nc3 Nf6 4. cxd5 exd5 5. Bg5 c6 6. e3 h6 7. Bh4 Be7 8. Bd3
O-O 9. Qc2 Ne8 10. Bxe7 Qxe7 11. Nf3 Be6 12. O-O Nd7 13. Ne2 Bg4 14. Ng3 Nd6 15.
Rae1 Rac8 16. b4 b5 17. h3 Be6 18. Ne5 Nc4 19. f4 Ndxe5 20. dxe5 Qxb4 21. f5 Bd7
22. f6 g6 23. Bxg6 Nxe5 24. Bf5 Qc4 25. Qd1 Qh4 26. Bxd7 Qxg3 27. Bxc8 Rxc8 28.
Qh5 Qg5 29. Qxg5+ hxg5 30. Rf5 Re8 31. Rxg5+ Kf8 32. h4 Nd7 33. h5 Nxf6 34. h6
d4 35. Rf5 Re6 36. Ref1 dxe3 37. Rxf6 e2 38. Rxf7+ Ke8 39. h7 exf1=Q+ 40. Kxf1
Kxf7 41. h8=Q a5 42. Qh7+ Kf8 43. g4 a4 44. g5 Re7 45. Qh8+ Kf7 46. Qf6+ Ke8 47.
g6 1-0

[Event "FIDE World Rapid Team"]
[Site "Almaty KAZ"]
[Date "2024.08.03"]
[Round "8.12"]
[White "Shah Mihir"]
[Black "Ainakul, Mukhtar"]
[Result "1-0"]
[WhiteElo "1801"]
[BlackElo "1935"]
[WhiteTeam "Team MGD1"]
[BlackTeam "Chessy"]
[WhiteFideId "46628878"]
[BlackFideId "13727354"]
[EventDate "2024.08.02"]

1. e4 e5 2. Nf3 Nc6 3. Bb5 a6 4. Ba4 Nf6 5. O-O b5 6. Bb3 Be7 7. Re1 d6 8. c3
O-O 9. h3 Nb8 10. d4 Nbd7 11. Nbd2 Bb7 12. Bc2 c5 13. Nf1 Re8 14. Ng3 Bf8 15. a4
h6 16. d5 c4 17. Nh2 Nc5 18. Ng4 Nxg4 19. Qxg4 Bc8 20. Qf3 bxa4 21. Bxa4 Bd7 22.
Bc2 g6 23. Nf1 Bg7 24. Ne3 Nb3 25. Bxb3 cxb3 26. Ra3 Qb8 27. Qd1 f5 28. exf5
gxf5 29. Nc4 Bb5 30. Na5 f4 31. c4 Bd7 32. Rxb3 Qc8 33. Rb6 Qc5 34. Rb7 Bc8 35.
b4 Bxb7 36. bxc5 1-0

[Event "FIDE World Rapid Team"]
[Site "Almaty KAZ"]
[Date "2024.08.03"]
[Round "8.14"]
[White "Gareyev, Timur"]
[Black "Maghsoodloo, Parham"]
[Result "0-1"]
[WhiteTitle "GM"]
[BlackTitle "GM"]
[WhiteElo "2541"]
[BlackElo "2723"]
[WhiteTeam "Q4Rail Kingsofchess Krakow"]
[BlackTeam "Al-Ain ACMG UAE"]
[WhiteFideId "14200937"]
[BlackFideId "12539929"]
[EventDate "2024.08.02"]

1. d4 Nf6 2. c4 e6 3. Nf3 d5 4. Nc3 Nbd7 5. cxd5 exd5 6. Bf4 Nb6 7. Qc2 c6 8. e3
Nh5 9. O-O-O g6 10. Be5 f6 11. Bg3 Be7 12. Bd3 O-O 13. Kb1 Rf7 14. Rde1 a5 15.
Nd2 Be6 16. f4 Ng7 17. Bf2 Nc4 18. Rhg1 b5 19. g4 f5 20. gxf5 Bxf5 21. Bxf5 Nxf5
22. Nxc4 bxc4 23. e4 dxe4 24. Qxe4 Rb8 25. Qxc6 Ba3 26. Nb5 Bxb2 27. Kxb2 Nxd4
28. Bxd4 Qxd4+ 29. Kc2 Qd3+ 30. Kc1 c3 31. Nxc3 Rd7 32. Rg2 Rd6 33. Re8+ Kf7 34.
Qc7+ Rd7 35. Qxb8 Qxc3+ 36. Rc2 Qa1+ 37. Qb1 Rd1+ 38. Kxd1 Qxb1+ 0-1

[Event "FIDE World Rapid Team"]
[Site "Almaty KAZ"]
[Date "2024.08.03"]
[Round "8.15"]
[White "Artemiev, Vladislav"]
[Black "Bernadskiy, Vitaliy"]
[Result "1-0"]
[WhiteTitle "GM"]
[BlackTitle "GM"]
[WhiteElo "2699"]
[BlackElo "2530"]
[WhiteTeam "Al-Ain ACMG UAE"]
[BlackTeam "Q4Rail Kingsofchess Krakow"]
[WhiteFideId "24101605"]
[BlackFideId "14100371"]
[EventDate "2024.08.02"]

1. d4 Nf6 2. Nf3 e6 3. c4 c5 4. e3 a6 5. Be2 cxd4 6. Nxd4 Bb4+ 7. Nd2 O-O 8. a3
Be7 9. b3 b6 10. Bf3 Ra7 11. Bb2 Bb7 12. Bxb7 Rxb7 13. Qf3 Qc8 14. g4 Nc6 15. g5
Ne8 16. Nxc6 dxc6 17. h4 Rd7 18. O-O-O b5 19. Rhg1 f5 20. h5 Qc7 21. h6 g6 22.
Qf4 Qxf4 23. exf4 Bd6 24. Nf3 Bxf4+ 25. Kc2 Rxd1 26. Rxd1 bxc4 27. Be5 cxb3+ 28.
Kxb3 Bxe5 29. Nxe5 f4 30. Rd8 Nc7 31. Rd7 Rb8+ 32. Kc3 Ne8 33. a4 a5 34. f3 Rc8
35. Kd4 c5+ 36. Kc4 Kh8 37. Kd3 Kg8 38. Nc4 Rb8 39. Re7 Rd8+ 40. Kc3 Nd6 41.
Rg7+ Kh8 42. Ne5 c4 43. Ra7 Kg8 44. Rxa5 Nf7 45. Nxf7 Kxf7 46. Ra7+ Kg8 47. Rg7+
Kh8 48. Kxc4 Ra8 49. Kb5 Rb8+ 50. Kc6 Ra8 51. Rb7 e5 52. Rb4 Kg8 53. Kd5 Re8 54.
a5 Kf7 55. a6 1-0

[Event "FIDE World Rapid Team"]
[Site "Almaty KAZ"]
[Date "2024.08.03"]
[Round "8.16"]
[White "Gumularz, Szymon"]
[Black "Murzin, Volodar"]
[Result "1/2-1/2"]
[WhiteTitle "GM"]
[BlackTitle "GM"]
[WhiteElo "2571"]
[BlackElo "2641"]
[WhiteTeam "Q4Rail Kingsofchess Krakow"]
[BlackTeam "Al-Ain ACMG UAE"]
[WhiteFideId "1188062"]
[BlackFideId "44155573"]
[EventDate "2024.08.02"]

1. Nf3 d5 2. e3 Nf6 3. c4 c6 4. Nc3 g6 5. d4 Bg7 6. Be2 O-O 7. O-O Bg4 8. h3
Bxf3 9. Bxf3 dxc4 10. b3 cxb3 11. Qxb3 Qb6 12. Rb1 Re8 13. Qxb6 axb6 14. Rxb6
Ra7 15. Bd2 Nbd7 16. Rb3 e5 17. Rfb1 e4 18. Be2 b5 19. d5 Nxd5 20. Nxd5 Rxa2 21.
Bxb5 cxb5 22. Bc3 Bxc3 23. Nxc3 Rc2 24. Nd5 Kg7 25. Rxb5 Re5 26. Nf4 Rxb5 27.
Rxb5 Nf6 28. g4 h6 29. Rb7 Kg8 30. Kf1 Rc5 31. Rb4 Re5 32. Kg2 Kg7 33. Rb7 Kg8
34. Rb8+ Kg7 35. Rb7 Kg8 36. Rb8+ 1/2-1/2

[Event "FIDE World Rapid Team"]
[Site "Almaty KAZ"]
[Date "2024.08.03"]
[Round "8.17"]
[White "Lagno, Kateryna"]
[Black "Kulon, Klaudia"]
[Result "0-1"]
[WhiteTitle "GM"]
[BlackTitle "IM"]
[WhiteElo "2532"]
[BlackElo "2415"]
[WhiteTeam "Al-Ain ACMG UAE"]
[BlackTeam "Q4Rail Kingsofchess Krakow"]
[WhiteFideId "14109336"]
[BlackFideId "1131044"]
[EventDate "2024.08.02"]

1. e4 e5 2. Nf3 Nc6 3. Bb5 a6 4. Ba4 d6 5. O-O Bd7 6. c4 g6 7. d4 Bg7 8. dxe5
dxe5 9. Nc3 Nge7 10. Nd5 O-O 11. Be3 Nxd5 12. cxd5 Ne7 13. Rc1 b5 14. Bb3 Nc8
15. Qc2 Nd6 16. Qxc7 Nxe4 17. Nxe5 Qxc7 18. Rxc7 Bxe5 19. Rxd7 Bxb2 20. f3 Nf6
21. Rb7 Rfb8 22. Rxb8+ Rxb8 23. Rd1 Rd8 24. Bf4 Rd7 25. g4 a5 26. g5 Nh5 27. Be3
a4 28. Bc2 Be5 29. Be4 f5 30. gxf6 Nxf6 31. Bc5 Kf7 32. a3 Rc7 33. Bb4 Nxe4 34.
fxe4 Rc4 35. d6 Rd4 36. Rb1 Ke6 37. Kg2 Rxe4 38. Bc5 Re2+ 39. Kf3 Rxh2 40. Rxb5
Bxd6 41. Rb6 Rd2 42. Ra6 h5 43. Bxd6 Rxd6 44. Rxa4 Kf6 45. Ra8 Kg5 46. Ra4 Rd3+
47. Kg2 h4 48. Ra5+ Kg4 49. Ra4+ Kh5 50. Kh2 g5 51. Kg2 Rb3 52. Kh2 Rb2+ 53. Kg1
Ra2 54. Kh1 h3 55. Kg1 g4 56. Kh1 g3 0-1

[Event "FIDE World Rapid Team"]
[Site "Almaty KAZ"]
[Date "2024.08.03"]
[Round "8.1"]
[White "Niemann, Hans Moke"]
[Black "Nihal, Sarin"]
[Result "0-1"]
[WhiteTitle "GM"]
[BlackTitle "GM"]
[WhiteElo "2711"]
[BlackElo "2668"]
[WhiteTeam "GMHans.com"]
[BlackTeam "Ashdod Chess Club"]
[WhiteFideId "2093596"]
[BlackFideId "25092340"]
[EventDate "2024.08.02"]

1. e4 e5 2. Nf3 Nc6 3. Bc4 Bc5 4. d3 Nf6 5. O-O d6 6. c3 a5 7. Re1 Ba7 8. h3 O-O
9. Bb3 h6 10. Nbd2 Re8 11. Nf1 Be6 12. Ba4 Bd7 13. Ng3 Ne7 14. Bc2 Ng6 15. d4 b5
16. Be3 c5 17. dxe5 dxe5 18. a4 c4 19. Bxa7 Rxa7 20. Nf5 Qb6 21. Qd6 Re6 22. Qd2
bxa4 23. Bxa4 Bxa4 24. Rxa4 Qb5 25. Qc2 Nf4 26. Nd2 N6h5 27. Kh2 Nd3 28. Rb1 Rd7
29. Ne3 Nxf2 30. Ndxc4 Nxe4 31. Na3 Qd3 32. Rxe4 Nf6 33. Qxd3 Rxd3 34. Ra4 Rxe3
35. Rxa5 Re2 36. Nc4 Nh5 37. b4 Rg6 38. Rg1 f6 39. Rd5 Rc2 40. b5 Rxc3 41. Na5
Nf4 42. Rd8+ Kh7 43. b6 Rgg3 0-1

[Event "FIDE World Rapid Team"]
[Site "Almaty KAZ"]
[Date "2024.08.03"]
[Round "8.3"]
[White "Dardha, Daniel"]
[Black "Volokitin, Andrei"]
[Result "0-1"]
[WhiteTitle "GM"]
[BlackTitle "GM"]
[WhiteElo "2608"]
[BlackElo "2667"]
[WhiteTeam "GMHans.com"]
[BlackTeam "Ashdod Chess Club"]
[WhiteFideId "240990"]
[BlackFideId "14107090"]
[EventDate "2024.08.02"]

1. d4 Nf6 2. Bg5 d5 3. e3 c5 4. Bxf6 gxf6 5. Bb5+ Nc6 6. dxc5 e6 7. b4 a5 8. c3
Bg7 9. Ne2 O-O 10. O-O axb4 11. Bxc6 b3 12. Nd2 bxc6 13. axb3 Ba6 14. Nf3 f5 15.
Nfd4 Qd7 16. Re1 e5 17. Nf3 Qe7 18. Ng3 Qxc5 19. Nxf5 Bf6 20. Ng5 Bxg5 21. Qg4
f6 22. h4 Qxc3 23. Rec1 Be2 24. Qxe2 Rxa1 25. Rxa1 Qxa1+ 26. Kh2 e4 27. Qg4 Qe5+
28. g3 h5 29. Qh3 c5 30. Kg2 d4 31. exd4 cxd4 32. g4 hxg4 33. Qxg4 Qf4 34. Ne7+
Kg7 35. Qd7 Qf3+ 36. Kg1 e3 37. Nf5+ Kg6 38. h5+ Kxh5 39. Qh7+ Kg4 40. Qd7 Qxf2+
41. Kh1 Qxf5 0-1

[Event "FIDE World Rapid Team"]
[Site "Almaty KAZ"]
[Date "2024.08.03"]
[Round "8.4"]
[White "Moiseenko, Alexander"]
[Black "Hong, Andrew"]
[Result "1/2-1/2"]
[WhiteTitle "GM"]
[BlackTitle "GM"]
[WhiteElo "2562"]
[BlackElo "2572"]
[WhiteTeam "Ashdod Chess Club"]
[BlackTeam "GMHans.com"]
[WhiteFideId "14102560"]
[BlackFideId "2099438"]
[EventDate "2024.08.02"]

1. d4 Nf6 2. c4 e6 3. Nc3 Bb4 4. Nf3 d5 5. Bg5 h6 6. Bxf6 Qxf6 7. e3 O-O 8. Rc1
c6 9. Qb3 Qe7 10. Be2 Nd7 11. O-O Bd6 12. Rfd1 b6 13. e4 dxc4 14. Qxc4 Bb7 15.
e5 Bc7 16. Bd3 Rac8 17. Be4 Bb8 18. Qe2 Rfd8 19. g3 a6 20. a3 b5 21. Nd2 Ba7 22.
Nb3 Bb6 23. Bg2 Rc7 24. Ne4 c5 25. Nexc5 Bxg2 26. Kxg2 Nxc5 27. dxc5 Rxd1 28.
Qxd1 Bxc5 29. Nxc5 Rxc5 30. Rxc5 Qxc5 31. Qd8+ Kh7 32. Qd3+ Kg8 33. Qd8+ Kh7 34.
Qd3+ g6 35. Qf3 Kg8 36. Qa8+ Kg7 37. Qxa6 Qxe5 38. b4 Qd5+ 39. Kg1 e5 40. h4 g5
41. hxg5 hxg5 42. Qa7 g4 43. Qe3 Kg6 44. Qc1 Qd3 45. a4 bxa4 46. Qc6+ Kg5 47.
Qxa4 f5 48. Qa1 Qb5 49. Qa3 Qc4 50. Qe3+ Kf6 51. Qb6+ Kg5 52. Qd8+ Kg6 53. Qd6+
Kg5 54. Qe7+ Kg6 55. Qe8+ Kf6 56. b5 f4 57. Qc6+ Qxc6 58. bxc6 Ke7 59. f3 Kd6
60. fxg4 Kxc6 61. gxf4 exf4 62. Kf2 Kd5 63. Kf3 Ke5 64. g5 Kf5 65. g6 Kxg6 66.
Kxf4 1/2-1/2

[Event "FIDE World Rapid Team"]
[Site "Almaty KAZ"]
[Date "2024.08.03"]
[Round "8.5"]
[White "Salimova, Nurgyul"]
[Black "Khotenashvili, Bella"]
[Result "0-1"]
[WhiteTitle "IM"]
[BlackTitle "GM"]
[WhiteElo "2412"]
[BlackElo "2427"]
[WhiteTeam "GMHans.com"]
[BlackTeam "Ashdod Chess Club"]
[WhiteFideId "2915138"]
[BlackFideId "13602640"]
[EventDate "2024.08.02"]

1. d4 Nf6 2. Bg5 d5 3. Nd2 Nbd7 4. e3 e6 5. Bd3 Be7 6. Ngf3 b6 7. Bxf6 Bxf6 8.
c3 Bb7 9. Qe2 O-O 10. h4 Re8 11. O-O-O e5 12. dxe5 Nxe5 13. Nxe5 Bxe5 14. Nf3
Qe7 15. Nxe5 Qxe5 16. Rh3 c5 17. Rg3 h6 18. Bc2 Rad8 19. Qd3 Qe4 20. Qe2 Qxh4
21. Rg4 Qf6 22. Qd3 g6 23. Rf4 Qe6 24. Rh1 Kg7 25. Rfh4 Rh8 26. Rf4 Bc6 27. c4
dxc4 28. Qc3+ f6 29. Rh3 b5 30. Bxg6 Kxg6 31. Rg3+ Kf7 32. Qa3 Qd6 33. Qxa7+ Rd7
34. Rxf6+ Kxf6 0-1

[Event "FIDE World Rapid Team"]
[Site "Almaty KAZ"]
[Date "2024.08.03"]
[Round "8.7"]
[White "Mamedyarov, Shakhriyar"]
[Black "Sindarov, Javokhir"]
[Result "1/2-1/2"]
[WhiteTitle "GM"]
[BlackTitle "GM"]
[WhiteElo "2733"]
[BlackElo "2674"]
[WhiteTeam "Kazchess"]
[BlackTeam "Royal Chess"]
[WhiteFideId "13401319"]
[BlackFideId "14205483"]
[EventDate "2024.08.02"]

1. d4 Nf6 2. c4 e6 3. Nc3 d5 4. cxd5 exd5 5. Bg5 Be7 6. e3 O-O 7. Bd3 Re8 8.
Nge2 c6 9. h3 Nbd7 10. Qc2 Nf8 11. O-O g6 12. Rae1 Ne6 13. Bh4 Ng7 14. f3 Nf5
15. Bf2 c5 16. dxc5 Bxc5 17. Nd4 Nxd4 18. exd4 Rxe1 19. Rxe1 Bf8 20. Qb3 Bg7 21.
g4 a6 22. h4 b5 23. g5 Nh5 24. Qxd5 Be6 25. Qxd8+ Rxd8 26. Ne2 Bxa2 1/2-1/2

[Event "FIDE World Rapid Team"]
[Site "Almaty KAZ"]
[Date "2024.08.03"]
[Round "8.8"]
[White "Yakubboev, Nodirbek"]
[Black "Svidler, Peter"]
[Result "1-0"]
[WhiteTitle "GM"]
[BlackTitle "GM"]
[WhiteElo "2655"]
[BlackElo "2698"]
[WhiteTeam "Royal Chess"]
[BlackTeam "Kazchess"]
[WhiteFideId "14203987"]
[BlackFideId "4102142"]
[EventDate "2024.08.02"]

1. d4 d5 2. c4 e6 3. Nf3 a6 4. Bg5 Be7 5. Bxe7 Qxe7 6. Nbd2 Nf6 7. Rc1 O-O 8. g3
Rd8 9. Bg2 c5 10. cxd5 cxd4 11. Nxd4 Nxd5 12. O-O e5 13. Rxc8 Rxc8 14. Nf5 Qe6
15. Bxd5 Qxf5 16. Bxb7 Nc6 17. Qb1 Qd7 18. Bxa8 Rxa8 19. Nf3 h6 20. Qe4 Re8 21.
e3 f5 22. Qc4+ Kh7 23. e4 Nd4 24. Qd3 Qb5 25. Qxb5 axb5 26. Nxd4 exd4 27. exf5
Re2 28. Rb1 d3 29. Rd1 Rxb2 30. Rxd3 Rxa2 31. Rb3 Ra5 32. Rb4 Kg8 33. Kg2 Kf7
34. h3 h5 35. Rb3 Kf6 36. g4 hxg4 37. hxg4 Ke5 38. Kg3 Kd4 39. Rb1 Ra3+ 40. Kf4
Kc4 41. Rc1+ Rc3 42. Rxc3+ Kxc3 43. g5 b4 44. f6 gxf6 45. gxf6 b3 46. f7 b2 47.
f8=Q b1=Q 48. Qc5+ Kd2 49. Qe3+ Kd1 50. Qf3+ Kd2 51. Kg3 Qg6+ 52. Qg4 Qd3+ 53.
f3 Qd8 54. Qf4+ Kc2 55. Qc4+ Kb2 56. f4 Qd7 57. Qe2+ Ka3 58. Qe5 Qd3+ 59. Kh4
Qh7+ 60. Kg5 Qg8+ 61. Kh6 Qf8+ 62. Kg6 Qg8+ 63. Qg7 Qe6+ 64. Kg5 Qd5+ 65. Qe5
Qg8+ 66. Kf6 Qf8+ 67. Ke6 Qe8+ 68. Kd6 Qd8+ 69. Kc6 Qc8+ 70. Qc7 Qa6+ 71. Kc5
Qa4 72. Qd6 Qe4 73. Qe5 Qb4+ 74. Kc6 Qa4+ 75. Kd6 Qa6+ 76. Ke7 Qb7+ 77. Kf6 Qc6+
78. Qe6 Qc3+ 79. Kf7 Qh8 80. f5 Qh7+ 81. Ke8 Qh8+ 82. Kd7 1-0

[Event "FIDE World Rapid Team"]
[Site "Almaty KAZ"]
[Date "2024.08.03"]
[Round "8.9"]
[White "Grischuk, Alexander"]
[Black "Vokhidov, Shamsiddin"]
[Result "1-0"]
[WhiteTitle "GM"]
[BlackTitle "GM"]
[WhiteElo "2708"]
[BlackElo "2643"]
[WhiteTeam "Kazchess"]
[BlackTeam "Royal Chess"]
[WhiteFideId "4126025"]
[BlackFideId "14204223"]
[EventDate "2024.08.02"]

1. e4 c5 2. Nf3 e6 3. d4 cxd4 4. Nxd4 Nc6 5. Nc3 Qc7 6. Be3 a6 7. Qd2 Nf6 8.
O-O-O Be7 9. f3 b5 10. g4 Nxd4 11. Bxd4 Bb7 12. Kb1 O-O 13. Bd3 b4 14. Na4 d5
15. e5 Nd7 16. Qe3 Rab8 17. Nb6 Nc5 18. f4 Qxb6 19. f5 Rfc8 20. f6 Bf8 21. fxg7
Bxg7 22. Qh3 Qc6 23. Qxh7+ Kf8 24. Bg6 Rc7 25. Rhf1 Ne4 26. Rxf7+ Rxf7 27. Bxf7
Ng5 28. Qg8+ Ke7 29. Qxg7 Nxf7 30. Qf6+ Ke8 31. Rf1 Nd8 32. Qg7 1-0

[Event "FIDE World Rapid Team"]
[Site "Almaty KAZ"]
[Date "2024.08.03"]
[Round "8.10"]
[White "Vakhidov, Jakhongir"]
[Black "Suleymenov, Alisher"]
[Result "1/2-1/2"]
[WhiteTitle "GM"]
[BlackTitle "GM"]
[WhiteElo "2571"]
[BlackElo "2461"]
[WhiteTeam "Royal Chess"]
[BlackTeam "Kazchess"]
[WhiteFideId "14201801"]
[BlackFideId "13707833"]
[EventDate "2024.08.02"]

1. c4 Nf6 2. Nc3 c5 3. g3 d5 4. cxd5 Nxd5 5. Bg2 Nc7 6. d3 e5 7. Be3 Be7 8. Rc1
Ne6 9. Nf3 Nc6 10. Na4 Qa5+ 11. Nd2 Ncd4 12. Nc3 Qd8 13. O-O O-O 14. Nd5 Rb8 15.
f4 exf4 16. gxf4 f5 17. Bf2 Bd6 18. e3 Nc6 19. Nc4 b6 20. d4 Bb7 21. dxc5 Bxc5
22. a3 Ne7 23. Nxe7+ Qxe7 24. Bxb7 Qxb7 25. b4 Be7 26. Ne5 Bf6 27. Qb3 Rbe8 28.
Nc4 Rd8 29. Rfd1 Qe7 30. Rxd8 Rxd8 31. Rd1 Kf8 32. Qc2 g6 33. Rxd8+ Qxd8 34. Be1
Qd5 35. Nd2 Kg7 1/2-1/2

[Event "FIDE World Rapid Team"]
[Site "Almaty KAZ"]
[Date "2024.08.03"]
[Round "8.11"]
[White "Assaubayeva, Bibisara"]
[Black "Nurman, Alua"]
[Result "1-0"]
[WhiteTitle "IM"]
[BlackTitle "WIM"]
[WhiteElo "2470"]
[BlackElo "2324"]
[WhiteTeam "Kazchess"]
[BlackTeam "Royal Chess"]
[WhiteFideId "13708694"]
[BlackFideId "13729390"]
[EventDate "2024.08.02"]

1. c4 e6 2. g3 Nf6 3. Bg2 d5 4. Nf3 Be7 5. O-O O-O 6. b3 c5 7. cxd5 Nxd5 8. d4
Nc6 9. Bb2 cxd4 10. Nxd4 Bf6 11. Nxc6 bxc6 12. Qc1 Ba6 13. Re1 Bxb2 14. Qxb2 Qa5
15. Nd2 Rfd8 16. Ne4 c5 17. Rec1 Rac8 18. Qe5 Qb6 19. Nc3 Nxc3 20. Rxc3 c4 21.
Bf3 h6 22. Kg2 Qb4 23. Rac1 cxb3 24. Rxb3 Qd2 25. Rxc8 Rxc8 26. Rb2 Qc1 27. Rb8
Qc4 28. a3 Kh7 29. Be4+ f5 30. Rxc8 Bxc8 31. Bd3 Qc6+ 32. f3 Qd5 33. Bxf5+ 1-0

[Event "FIDE World Rapid Team"]
[Site "Almaty KAZ"]
[Date "2024.08.03"]
[Round "8.13"]
[White "Makhnev, Denis"]
[Black "Sychev, Klementy"]
[Result "1-0"]
[WhiteTitle "GM"]
[BlackTitle "GM"]
[WhiteElo "2551"]
[BlackElo "2531"]
[WhiteTeam "Astana-1"]
[BlackTeam "World Champions Higher School"]
[WhiteFideId "13707647"]
[BlackFideId "4114060"]
[EventDate "2024.08.02"]

1. d4 Nf6 2. c4 e6 3. Nc3 d5 4. Nf3 Bb4 5. Qa4+ Nc6 6. e3 O-O 7. Qc2 Re8 8. Bd2
Bf8 9. a3 e5 10. dxe5 Nxe5 11. cxd5 Nxf3+ 12. gxf3 Nxd5 13. O-O-O Nxc3 14. Bxc3
Qh4 15. Bd3 Be6 16. Rhg1 Rad8 17. Rg3 Kh8 18. Rdg1 f6 19. f4 c5 20. Bf5 Rd5 21.
Bxe6 Rxe6 22. Qb3 Red6 23. Qxb7 Rd7 24. Qc8 Rd8 25. Qh3 Qxh3 26. Rxh3 R5d6 27.
e4 Re6 28. f3 Rd3 29. Rd1 Rxd1+ 30. Kxd1 Kg8 31. Rh5 Bd6 32. h3 c4 33. Ra5 Bxf4
34. Rxa7 Rd6+ 35. Kc2 Rd3 36. a4 Rxf3 37. a5 Rf1 38. b4 cxb3+ 39. Kxb3 Be3 40.
Rd7 Rb1+ 41. Kc4 h5 42. a6 h4 43. Rb7 Rc1 44. Kd3 Bc5 45. e5 fxe5 46. Bxe5 Rh1
47. Kc4 Bf2 48. Rxg7+ Kf8 49. Rb7 Ke8 50. Kd5 Rxh3 51. Ke6 Rd3 52. Rh7 Rf3 53.
Rh8+ Rf8 54. Rxh4 Rg8 55. Rc4 Bb6 56. Rc8+ 1-0

[Event "FIDE World Rapid Team"]
[Site "Almaty KAZ"]
[Date "2024.08.03"]
[Round "8.14"]
[White "Shubin, Kirill"]
[Black "Urazayev, Arystanbek"]
[Result "1-0"]
[WhiteTitle "IM"]
[BlackTitle "IM"]
[WhiteElo "2459"]
[BlackElo "2466"]
[WhiteTeam "World Champions Higher School"]
[BlackTeam "Astana-1"]
[WhiteFideId "34119962"]
[BlackFideId "13709810"]
[EventDate "2024.08.02"]

1. e4 c6 2. d4 d5 3. exd5 cxd5 4. Bd3 Nf6 5. c3 Bg4 6. Qb3 Qb6 7. Bf4 Nbd7 8.
Nd2 e6 9. Ngf3 Be7 10. O-O O-O 11. Qc2 Bh5 12. Ne5 Bg6 13. Nxg6 hxg6 14. Nf3 Bd6
15. Bxd6 Qxd6 16. Rae1 Rab8 17. Ne5 b5 18. f4 b4 19. Re3 bxc3 20. bxc3 Rfc8 21.
Rh3 Qc7 22. Qf2 Kf8 23. Re1 Ke7 24. Rhe3 Ne4 25. Bxe4 dxe4 26. Rxe4 Nxe5 27.
fxe5 Qxc3 28. Rf1 Rf8 29. Rf4 Kd8 30. Rxf7 Rxf7 31. Qxf7 Qxd4+ 32. Kh1 Rb6 33.
Qxg7 Qf4 34. Rd1+ Kc8 35. h3 Qa4 36. Rf1 1-0

[Event "FIDE World Rapid Team"]
[Site "Almaty KAZ"]
[Date "2024.08.03"]
[Round "8.15"]
[White "Zhalmakhanov, Ramazan"]
[Black "Faizrakhmanov, Ramil"]
[Result "1-0"]
[WhiteTitle "IM"]
[BlackTitle "IM"]
[WhiteElo "2497"]
[BlackElo "2424"]
[WhiteTeam "Astana-1"]
[BlackTeam "World Champions Higher School"]
[WhiteFideId "13706357"]
[BlackFideId "24103209"]
[EventDate "2024.08.02"]

1. e4 c5 2. Nf3 d6 3. d4 cxd4 4. Nxd4 Nf6 5. Nc3 a6 6. h3 e5 7. Nb3 Be7 8. g4 h6
9. Be3 b5 10. a4 b4 11. Nd5 Bb7 12. Bb6 Qc8 13. Nxe7 Kxe7 14. f3 Nxe4 15. fxe4
Qc6 16. Be3 Qxe4 17. Qd2 Qxh1 18. O-O-O Rd8 19. Na5 Qe4 20. Bd3 Qd5 21. Qxb4 Bc6
22. Bf5 Qf3 23. Bb6 Qf4+ 24. Qxf4 exf4 25. Re1+ Kf8 26. Bxd8 g6 27. Bd3 g5 28.
Bc7 Bg2 29. Bxd6+ Kg7 30. Be5+ Kg8 31. Bf5 Nc6 32. Nxc6 Bxc6 33. h4 Re8 34. hxg5
f3 35. Bg3 1-0

[Event "FIDE World Rapid Team"]
[Site "Almaty KAZ"]
[Date "2024.08.03"]
[Round "8.16"]
[White "Orlov, Oleg"]
[Black "Kamalidenova, Meruert"]
[Result "0-1"]
[WhiteTitle "FM"]
[BlackTitle "IM"]
[WhiteElo "2254"]
[BlackElo "2352"]
[WhiteTeam "World Champions Higher School"]
[BlackTeam "Astana-1"]
[WhiteFideId "4166612"]
[BlackFideId "13712802"]
[EventDate "2024.08.02"]

1. e4 c5 2. Nf3 Nc6 3. Bb5 d6 4. O-O Bd7 5. Re1 Nf6 6. c3 a6 7. Bf1 e5 8. h3 g5
9. d4 g4 10. hxg4 Bxg4 11. dxc5 Rg8 12. cxd6 Bxd6 13. Be3 Nxe4 14. Be2 Qf6 15.
Ng5 Bxe2 16. Nxe4 Rxg2+ 17. Kxg2 Qf3+ 18. Kh2 Bxd1 19. Nbd2 Qh5+ 20. Kg2 Qg6+
21. Kh2 Bg4 22. Nxd6+ Qxd6 23. Ne4 Qg6 24. Bg5 f5 25. Nf6+ Kf7 26. f4 exf4 27.
Bh4 Qh6 0-1